| Tag |
First Indicator |
Second Indicator |
Subfields |
| LEADER |
00000cam a2200000 a 4500 |
| 001 |
in00001408046 |
| 005 |
20151020070153.0 |
| 008 |
950117s1996 nyua j 001 0 eng |
| 010 |
|
|
|a 95001507
|
| 020 |
|
|
|a 0060260246
|
| 020 |
|
|
|a 0060260270 (lib. bdg.)
|
| 035 |
|
|
|a (OCoLC)31971810
|
| 035 |
|
|
|9 AHP8427AM
|
| 040 |
|
|
|a DLC
|c DLC
|d UtOrBLW
|
| 043 |
|
|
|a n-us---
|
| 049 |
|
|
|a TXAG
|
| 050 |
0 |
0 |
|a E468.7
|b .S26 1996
|
| 082 |
0 |
0 |
|a 973.7
|2 20
|
| 100 |
1 |
|
|a Sandler, Martin W.
|
| 245 |
1 |
0 |
|a Civil War /
|c by Martin W. Sandler ; introduction by James H. Billington, Librarian of Congress.
|
| 250 |
|
|
|a 1st ed.
|
| 264 |
|
1 |
|a New York :
|b HarperCollins Publishers,
|c [1996]
|
| 264 |
|
4 |
|c ©1996
|
| 300 |
|
|
|a 91 pages :
|b illustrations (some color) ;
|c 23 x 26 cm.
|
| 336 |
|
|
|a text
|b txt
|2 rdacontent
|
| 337 |
|
|
|a unmediated
|b n
|2 rdamedia
|
| 338 |
|
|
|a volume
|b nc
|2 rdacarrier
|
| 500 |
|
|
|a "A Library of Congress book."
|
| 500 |
|
|
|a Includes index.
|
| 651 |
|
0 |
|a United States
|x History
|y Civil War, 1861-1865
|v Pictorial works
|x Juvenile literature.
|
| 651 |
|
0 |
|a United States
|x History
|y Civil War, 1861-1865
|v Juvenile literature.
|
| 651 |
|
1 |
|a United States
|x History
|y Civil War, 1861-1865.
|
| 999 |
|
|
|a MARS
|
| 999 |
f |
f |
|s 36ed1945-30f8-3f45-944b-a8c892064c8a
|i 2f5170b3-1aff-313a-9ab1-57fab9976541
|t 0
|
| 952 |
f |
f |
|p normal
|a Texas A&M University
|b College Station
|c Sterling C. Evans Library
|d Evans: Curriculum Collection (4th floor)
|t 0
|e E468.7 .S26 1996
|h Library of Congress classification
|i unmediated -- volume
|m A14822239800
|
| 998 |
f |
f |
|a E468.7 .S26 1996
|t 0
|l Evans: Curriculum Collection (4th floor)
|